| 000 | 00710nam a22002173a 4500 | ||
|---|---|---|---|
| 005 | 20240925064326.0 | ||
| 008 | 011002s1998 mx fr 000 0 spa d | ||
| 020 | _a9508082127 | ||
| 035 | _aUPN01000112374 | ||
| 049 | _aCG | ||
| 050 | 4 |
_aBF721 _bG5.7 |
|
| 100 | 1 |
_aGiraldi, Graciela María _934815 |
|
| 245 | 1 | 0 |
_aAprender, querer aprender y no aprender en la escuela : _buna lectura psicoanalítica que aborda las problemáticas del ámbito escolar / _cGraciela María Giraldi. |
| 260 |
_aRosario, Arg. : _bHomo sapiens, _c1998. |
||
| 300 | _a145 p. | ||
| 440 | 0 | _aEducación | |
| 650 | 4 |
_aNiño, Estudio del _9221 |
|
| 650 | 4 |
_aPsicoanálisis _91572 |
|
| 650 | 4 |
_aPsicopedagogía _95085 |
|
| 905 | _aLibro | ||
| 999 |
_c86282 _d86282 |
||